000 00396nam a2200181Ia 4500
005 20250603145915.0
008 250603s9999 xx 000 0 und d
020 _a978978906046
050 _aKP 61 .M3/
100 _aMalemi, Ese
245 4 _aThe Nigeria Legal method
260 _aLagos
260 _bPrinceton
260 _c2010
300 _a442 p
650 _aLagos
942 _cBK
999 _c43210
_d43210